000 00582nam a22001337a 4500
040 _cRUA
082 _aAGR LY 2001 B027 Or.1
100 _aLY, DARITH
245 _aadoption behavior of the farmers on agricultural technologies ini kompong thom province ( សិក្សាពីចរិកសក្ខណៈកសិករក្នុងការទទួលយកបច្ចេកវិទ្យាកសិកម្មក្នុងខេត្ត កំពង់ធំ)
260 _aPhnom Penh
_bRUA
_c2001
300 _a34p.
_bill.
_c29cm.
856 _uLY DARITH
942 _cAGR
999 _c543
_d543